000 00838nam a22002894a 4500
001 22441
003 BD-RjUL
005 20211209000815.0
008 140308s2000 maua s 001 0 eng
020 _a0321044606
035 _a(BD-RjUL)22506
040 _aDLC
_cDLC
_dDLC
_dBD-RjUL
_beng
041 _aeng
082 0 0 _a519.50243
_221
_bLEE 2000
100 1 _aLevin, Jack,
_d1941-
_969308
245 1 0 _aElementary statistics in social research /
_cJack Levin, James Alan Fox.
250 _a8th ed.
260 _aBoston :
_bAllyn and Bacon,
_cc2000.
300 _axiv, 465 p. :
_bill. ;
_c25 cm.
504 _aIncludes index.
650 0 _aSocial sciences
_xStatistical methods.
_9904
650 0 _aStatistics.
_969309
700 1 _aFox, James Alan.
_969310
942 _2ddc
_cBK
999 _c22441
_d22441